| 000 | 01316cam a2200361 i 4500 | ||
|---|---|---|---|
| 001 | 200452866 | ||
| 999 |
_c200452866 _d71078 |
||
| 003 | TR-AnTOB | ||
| 005 | 20241114121550.0 | ||
| 007 | ta | ||
| 008 | 040713s1997 tu 000 0 tur d | ||
| 020 | _a9755511539 | ||
| 040 |
_aBGZ _beng _erda _cTR-AnTOB |
||
| 041 | 1 | _atur | |
| 050 | 4 |
_aDT263.76.T8 _bM3919 1997 |
|
| 090 |
_aDT263.76.T8 _bM3919 1997 |
||
| 100 | 1 |
_aMazālī, Muḥammad al-Ṣāliḥ _eauthor _9141609 |
|
| 245 | 1 | 0 |
_aTunuslu Hayreddin Paşa'nın hatıraları : _baçıklamalı tarihi belgeler / _cMuhammed Salah Mzali, Jean Pignon ; çeviren Belma Aksun. |
| 264 | 1 |
_aİstanbul : _bNehir Yayınları, _c1997. |
|
| 300 |
_a399 pages ; _c20 cm |
||
| 336 |
_2rdacontent _atext _btxt |
||
| 337 |
_2rdamedia _aunmediated _bn |
||
| 338 |
_2rdacarrier _avolume _bnc |
||
| 490 | 0 |
_aNehir yayınları ; _v135 _aHatıralarla yakın tarih dizisi ; _v23 |
|
| 600 | 1 | 0 |
_aTunisi, Khayr al-Din, _d-1890 _9141612 |
| 650 | 7 |
_aDevlet adamları _2etuturkob _9114766 |
|
| 650 | 7 |
_aDevlet adamları _zTürkiye _vBiyografi _2etuturkob _910814 |
|
| 651 | 7 |
_aTunus _xTarih _y1516-1881 _2etuturkob _952601 |
|
| 651 | 0 |
_aTürkiye _xTarih _y1878-1909 _9120729 |
|
| 700 | 1 |
_aPignon, Jean _eauthor _9141610 |
|
| 700 | 1 |
_aAksun, Belma, _d1938- _etranslator _9141611 |
|
| 942 |
_2lcc _cBK |
||